BASIC materials studies (Record no. 84567)
[ view plain ]
| 000 -LEADER | |
|---|---|
| fixed length control field | 00824nam a2200205 a 4500 |
| 008 - FIXED-LENGTH DATA ELEMENTS--GENERAL INFORMATION | |
| fixed length control field | 120416s1985 ||||||||||||||||| || u |
| 020 ## - INTERNATIONAL STANDARD BOOK NUMBER | |
| International Standard Book Number | 0408013745 |
| 050 ## - LIBRARY OF CONGRESS CALL NUMBER | |
| Classification number | TA 407 Pea |
| 100 ## - MAIN ENTRY--PERSONAL NAME | |
| Personal name | Peapell, P. N |
| 245 10 - TITLE STATEMENT | |
| Title | BASIC materials studies |
| 260 ## - PUBLICATION, DISTRIBUTION, ETC. | |
| Place of publication, distribution, etc. | London: |
| Name of publisher, distributor, etc. | Butterworths |
| Date of publication, distribution, etc. | 1985 |
| 300 ## - PHYSICAL DESCRIPTION | |
| Extent | (x), 143p.: ill |
| 350 ## - | |
| -- | 0.00 |
| 500 ## - GENERAL NOTE | |
| General note | Includes index. -Bibliography: p. 138. |
| 650 ## - SUBJECT ADDED ENTRY--TOPICAL TERM | |
| Topical term or geographic name entry element | BASIC (COMPUTER PROGRAM LANGUAGE) |
| 650 ## - SUBJECT ADDED ENTRY--TOPICAL TERM | |
| Topical term or geographic name entry element | MATERIALS--DATA PROCESSING |
| 700 ## - ADDED ENTRY--PERSONAL NAME | |
| Personal name | Belk, J. A |
| 995 ## - | |
| -- | ANNEX COLLECTION (Main Library) |
| -- | 0.00 |
| -- | 722278 |
| -- | CBU-MAIN LIBRARY (Kitwe) |
| -- | 1 |
| -- | 9.50 |
| -- | TA 407 Pea |
| -- | 1 |
| -- | AVAILABLE |
| -- | 014838 |
| -- | Annex Low-Usage Collection |
| 995 ## - | |
| -- | ANNEX COLLECTION (Main Library) |
| -- | 0.00 |
| -- | 713965 |
| -- | CBU-MAIN LIBRARY (Kitwe) |
| -- | 2 |
| -- | 9.50 |
| -- | TA 407 Pea |
| -- | 2 |
| -- | AVAILABLE |
| -- | 014839 |
| -- | Annex Low-Usage Collection |
| 999 ## - | |
| -- | 84567 |
| -- | 84567 |
No items available.